| 000 | 01010nam a2200253 i 4500 | ||
|---|---|---|---|
| 001 | 182623 | ||
| 003 | ES-MaACL | ||
| 005 | 20240601063027.0 | ||
| 008 | 131007s2012 sp a | |||||||| |cspa d | ||
| 020 | _a978-84-86611-31-6 | ||
| 080 | _a929 Bravos | ||
| 080 | _a78 Bravos | ||
| 100 | 1 |
_aAlonso Moreno, Guzmán _920366 |
|
| 245 | 1 | 0 |
_aLos Bravos : _brecuerdos de una leyenda : el fenómeno social de un grupo de pop-rock en la España franquista / _cGuzmán Alonso Moreno. |
| 250 | _a2ª ed. | ||
| 260 |
_a[Madrid] : _bAgrupación Hispana de Escritores, _c2012. |
||
| 300 |
_a238, 20 p., [31] p. de lám. col. y n. : _bil. ; _c30 cm. |
||
| 610 | 2 | 4 |
_aLos Bravos (Grupo musical) _95556 |
| 710 | 2 |
_aAgrupación Hispana de Escritores. _91292 |
|
| 852 | 4 |
_aES-MaACL _jA-12867 _9189539 _bR.149901 _cDEPO1 _dOlim: N-5867 _zDedicatoria autógrafa del autor _xDonación: Guzmán Alonso Moreno |
|
| 903 |
_aAlonso Moreno, Guzmán _ednr _920366 |
||
| 942 |
_2udc _cMONOGRAFIA |
||
| 999 |
_c182623 _d182623 |
||